Statistics for Major Cities Closest to New York City A-Z

Click here to take the quiz!

General Stats

  • This quiz has been taken 167 times
  • The average score is 15 of 24

Answer Stats

LocationPopulationWorld City% Correct
BNorth America7.65 milBoston
93%
PNorth America7.35 milPhiladelphia
84%
WNorth America8.55 milWashington, DC
80%
TNorth America7.35 milToronto
79%
ANorth America5.80 milAtlanta
76%
LNorth America17.8 milLos Angeles
74%
DNorth America5.70 milDetroit
73%
KEastern Europe3.45 milKiev
69%
HNorth America6.60 milHouston
68%
IMiddle East15.8 milIstanbul
66%
MNorth America4.25 milMontreal
64%
JMiddle East4.78 milJeddah
62%
SThe Caribbean3.90 milSanto Domingo
62%
XEastern Asia6.80 milXi'an
62%
CNorth America3.08 milCleveland
61%
ONorth America3.38 milOrlando
53%
FSouth America3.65 milFortaleza
52%
NCentral Europe4.23 milNaples
50%
YCentral Africa3.30 milYaoundé
49%
GNorth America5.25 milGuadalajara
42%
UEastern Asia3.98 milÜrümqi
39%
QEastern Asia5.95 milQingdao
38%
RSouth America3.83 milRecife
38%
ZEastern Asia3.45 milZibo
15%

Score Distribution

Percentile by Number Answered

Percent of People with Each Score

Your Score History

You have not taken this quiz